[Event "Hamburg Harburg 12th D"]
[Site "Hamburg"]
[Date "2017.08.05"]
[Round "3.2"]
[White "Suliga, Eckhard"]
[Black "Geisler, Reinhard"]
[Result "1-0"]
[WhiteElo "1755"]
[BlackElo "1835"]
[PlyCount "93"]
[EventDate "2017.08.06"]
[EventType "tourn"]
[EventRounds "5"]
[EventCountry "GER"]
[SourceDate "2017.08.14"]
[WhiteTeam "SC Turm Lüneburg e.V."]
[BlackTeam "Schachklub Werther 1949 e.V."]

1. e4 e6 2. d4 d5 3. Nc3 Nf6 4. Bg5 Bb4 5. e5 h6 6. Bd2 Bxc3 7. bxc3 Ne4 8. Qg4
Kf8 9. Bd3 Nxd2 10. Kxd2 c5 11. h4 c4 12. Be2 Nc6 13. Rh3 Ne7 14. Qf4 Bd7 15.
Bh5 Be8 16. Rf3 g6 17. Bg4 Nf5 18. Bxf5 gxf5 19. Ne2 b5 20. g4 Qxh4 21. gxf5
Qxf4+ 22. Nxf4 exf5 23. Rh3 Rd8 24. Rah1 Kg7 25. Nh5+ Kf8 26. Nf6 Ke7 27. Rxh6
Rxh6 28. Rxh6 a5 29. a3 b4 30. cxb4 axb4 31. axb4 Bb5 32. Rh1 Ke6 33. Ra1 f4
34. Ra5 Rb8 35. c3 Rb6 36. Ke2 Kf5 37. Nxd5 Rb8 38. Nf6 f3+ 39. Kxf3 Bc6+ 40.
Ke3 Rh8 41. Rc5 Rh3+ 42. Kd2 Ba4 43. Rxc4 Rh1 44. Ke3 Bd1 45. Kd2 Bb3 46. Rc7
Kg5 47. Ne4+ 1-0

[Event "Hamburg Harburg 12th D"]
[Site "Hamburg"]
[Date "2017.08.05"]
[Round "3.1"]
[White "Lasschuit, Rene"]
[Black "Eschweiler, Markus"]
[Result "1-0"]
[WhiteElo "1771"]
[BlackElo "1702"]
[PlyCount "111"]
[EventDate "2017.08.06"]
[EventType "tourn"]
[EventRounds "5"]
[EventCountry "GER"]
[SourceDate "2017.08.14"]
[WhiteTeam "SV Berolina Mitte e.V."]
[BlackTeam "SK Marmstorf GW Harburg"]

1. c4 e5 2. g3 Nf6 3. Bg2 d5 4. cxd5 Nxd5 5. d4 exd4 6. Qxd4 Be6 7. Nc3 Nc6 8.
Qa4 Bb4 9. Bd2 O-O 10. O-O-O Bxc3 11. Bxc3 Nxc3 12. bxc3 Qg5+ 13. Kb2 Qc5 14.
e3 Rab8 15. Ne2 $19 {[#]} b5 16. Qc2 b4 17. Bxc6 bxc3+ 18. Ka1 Rb2 19. Qxc3
Rxa2+ 20. Kb1 Qb6+ 21. Kc1 {# Matt in 14} Rxe2 ({Stockfish 8 64:} 21... Bf5 22.
e4 Rb8 {[%csl Gb1]} 23. Rd8+ Rxd8 24. Ba4 Bxe4 25. Bb3 Rxe2 26. Rd1 Rxd1+ 27.
Kxd1 Qxf2 28. Kc1 Qxh2 29. Kd1 Qg2 30. Bxf7+ Kh8 31. Qe1 Ra2 32. Qe3 Qf1+ 33.
Qe1 Bf3+ 34. Kc1 Qxe1# {[%eval -32739,30]}) (21... Rb8 {geht nicht sofort,
weil 22.Le4 das Feld b1 kontrolliert.}) 22. Rd2 Rxd2 23. Kxd2 Rd8+ 24. Ke2 Qa6+
25. Kf3 Qb6 26. Rc1 h6 27. Qc5 Qxc5 28. Rxc5 Bd7 29. Be4 c6 30. Ra5 Ra8 31. Ra6
f5 32. Bc2 Kf7 33. Ba4 Kf6 34. Bxc6 Bxc6+ 35. Rxc6+ Ke5 36. Rc5+ Ke6 37. Ra5 a6
38. e4 fxe4+ 39. Kxe4 Ra7 40. f4 g6 41. g4 Kf6 42. h4 Re7+ 43. Kf3 Re6 44. g5+
Kg7 45. Rc5 h5 46. Rc7+ Kg8 47. Ra7 Kh8 {[#]} 48. f5 $1 gxf5 49. Kf4 Kg8 50.
Kxf5 Rb6 51. g6 Rb5+ 52. Kf6 Rb6+ 53. Kg5 Kf8 54. Kxh5 Rb5+ 55. Kh6 Rb4 56. g7+
1-0

[Event "Hamburg Harburg 12th D"]
[Site "Hamburg"]
[Date "2017.08.06"]
[Round "4.2"]
[White "Geisler, Reinhard"]
[Black "Ahrens, Gunnar"]
[Result "0-1"]
[WhiteElo "1835"]
[BlackElo "1665"]
[PlyCount "39"]
[EventDate "2017.08.06"]
[EventType "tourn"]
[EventRounds "5"]
[EventCountry "GER"]
[SourceDate "2017.08.14"]
[WhiteTeam "Schachklub Werther 1949 e.V."]
[BlackTeam "Delmenhorster SK V 1931"]

1. d4 Nf6 2. Bf4 g6 3. e3 Bg7 4. Nf3 O-O 5. h3 d6 6. Be2 c5 7. O-O b6 8. c4 Bb7
9. Nc3 cxd4 10. exd4 Nbd7 11. a4 d5 12. Ne5 dxc4 13. Bxc4 Nxe5 14. Bxe5 Rc8 15.
Qe2 Ne8 16. Ba6 Bxa6 17. Qxa6 Ra8 18. Rfd1 Nd6 19. a5 Qc8 20. Bxg7 0-1

[Event "Hamburg Harburg 12th D"]
[Site "Hamburg"]
[Date "2017.08.06"]
[Round "4.3"]
[White "Lasschuit, Rene"]
[Black "Suliga, Eckhard"]
[Result "1-0"]
[WhiteElo "1771"]
[BlackElo "1755"]
[PlyCount "89"]
[EventDate "2017.08.06"]
[EventType "tourn"]
[EventRounds "5"]
[EventCountry "GER"]
[SourceDate "2017.08.14"]
[WhiteTeam "SV Berolina Mitte e.V."]
[BlackTeam "SC Turm Lüneburg e.V."]

1. c4 e5 2. g3 Nf6 3. Bg2 d5 4. cxd5 Nxd5 5. Nf3 Nc6 6. Nc3 Nb6 7. O-O Be7 8.
d3 O-O 9. a4 a5 10. Be3 Bg4 11. h3 Be6 12. Qd2 Qd7 13. Kh2 Nd5 14. Nxd5 Bxd5
15. Rfc1 f6 16. Bc5 Rfd8 17. Bxe7 Qxe7 18. Qe3 Rac8 19. Ra3 Nb4 20. Nd2 Bxg2
21. Kxg2 Nd5 22. Qc5 Qxc5 23. Rxc5 b6 24. Rc4 Kf7 25. Ne4 Ke7 26. Kf3 f5 27.
Nc3 Nxc3 28. Raxc3 c5 29. e3 Rd5 30. g4 Rcd8 31. Ke2 Kf6 32. gxf5 R5d6 33. Rb3
Kxf5 34. Rc1 h5 35. Rg1 c4 36. dxc4 Ke4 37. Rxg7 Kf5 38. h4 e4 39. Rg5+ Kf6 40.
Rxh5 Rd2+ 41. Kf1 R2d6 42. Rd5 Rxd5 43. cxd5 Rd6 44. Rb5 Ke5 45. Ke2 {wirre
Notationen/51.?} 1-0

[Event "Hamburg Harburg 12th D"]
[Site "Hamburg"]
[Date "2017.08.06"]
[Round "4.1"]
[White "Eschweiler, Markus"]
[Black "Nyenhuis, Yannek"]
[Result "1/2-1/2"]
[WhiteElo "1702"]
[BlackElo "1683"]
[PlyCount "45"]
[EventDate "2017.08.06"]
[EventType "tourn"]
[EventRounds "5"]
[EventCountry "GER"]
[SourceDate "2017.08.14"]
[WhiteTeam "SK Marmstorf GW Harburg"]
[BlackTeam "TSV Bienenbüttel"]

1. c4 Nf6 2. d4 d5 3. e3 c6 4. h3 Bf5 5. a3 e6 6. Bd2 a5 7. Nf3 Nbd7 8. Nc3 Bd6
9. Be2 Ne4 10. O-O Ndf6 11. Ne5 O-O 12. Be1 Bxe5 13. dxe5 Nd7 14. Nxe4 Bxe4 15.
f3 Bg6 16. f4 Qb6 17. Qd4 Rfd8 18. Qxb6 Nxb6 19. cxd5 Nxd5 20. Bf2 Be4 21. Rad1
Nb6 22. Rd4 Bc2 23. Rc1 1/2-1/2

[Event "Hamburg Harburg 12th D"]
[Site "Hamburg"]
[Date "2017.08.06"]
[Round "5.2"]
[White "Ahrens, Gunnar"]
[Black "Lasschuit, Rene"]
[Result "1/2-1/2"]
[WhiteElo "1665"]
[BlackElo "1771"]
[PlyCount "127"]
[EventDate "2017.08.06"]
[EventType "tourn"]
[EventRounds "5"]
[EventCountry "GER"]
[SourceDate "2017.08.14"]
[WhiteTeam "Delmenhorster SK V 1931"]
[BlackTeam "SV Berolina Mitte e.V."]

1. Nf3 c5 2. g3 g6 3. Bg2 Bg7 4. O-O Nc6 5. d3 d5 6. c3 e6 7. Na3 Nge7 8. Bd2
O-O 9. Qc1 a6 10. Nc2 b5 11. Bh6 Bb7 12. Bxg7 Kxg7 13. Rd1 Qc7 14. a3 a5 15.
Ne3 b4 16. Ng4 f6 17. axb4 h5 18. Qh6+ Kg8 19. Nxf6+ Rxf6 20. bxc5 Nf5 21. Qg5
Kg7 22. e4 dxe4 23. dxe4 Nh6 24. Rd2 Nf7 25. Qe3 Nce5 26. Nxe5 Nxe5 27. Rad1
Bc6 28. Qd4 Rc8 29. f4 Nd7 30. b4 axb4 31. cxb4 e5 32. Qc3 Kh7 33. f5 g5 34.
Qc4 Ba4 35. Ra1 Qc6 36. Rda2 Bb5 37. Qc1 Rg8 38. Ra7 Rg7 39. Qd2 Rff7 40. Qc3
Re7 41. Rd1 Qc8 42. Rd6 Qb8 43. Ra5 Ref7 44. Qa1 Rf6 45. Rd2 Qb7 46. Ra7 Qc6
47. Qd1 g4 48. Qa1 Qc8 49. Rda2 Rff7 50. R2a5 Qc6 51. Qc3 Re7 52. Qe3 Nf6 53.
Rxe7 Rxe7 54. Ra1 Rd7 55. Re1 Rd4 56. Qg5 Rxb4 57. Qg6+ Kh8 58. Rd1 Rd4 59. Ra1
Ra4 60. Rd1 Qxc5+ 61. Kh1 Qe7 62. Qh6+ Kg8 63. Qg5+ Qg7 64. Qe3 1/2-1/2

[Event "Hamburg Harburg 12th D"]
[Site "Hamburg"]
[Date "2017.08.06"]
[Round "5.1"]
[White "Suliga, Eckhard"]
[Black "Eschweiler, Markus"]
[Result "1/2-1/2"]
[WhiteElo "1755"]
[BlackElo "1702"]
[PlyCount "97"]
[EventDate "2017.08.06"]
[EventType "tourn"]
[EventRounds "5"]
[EventCountry "GER"]
[SourceDate "2017.08.14"]
[WhiteTeam "SC Turm Lüneburg e.V."]
[BlackTeam "SK Marmstorf GW Harburg"]

1. e4 d5 2. exd5 Qxd5 3. Nc3 Qa5 4. d4 c6 5. Nf3 Bf5 6. Bc4 e6 7. Bd2 Qb6 8.
O-O Nf6 9. Re1 Be7 10. Bb3 O-O 11. Be3 Qc7 12. Ne5 Nbd7 13. Bf4 Bd6 14. Bg3
Rad8 15. Qe2 Nb6 16. Rad1 Nbd5 17. Nxd5 cxd5 18. Bh4 Rc8 19. c3 Be7 20. Bg3 Ne4
21. Bf4 Bd6 22. f3 Nf6 23. Kh1 h6 24. g3 Rfe8 25. Bc1 Kf8 26. Qf2 Re7 27. Re3
a6 28. Rde1 Rce8 29. Bd2 Nd7 30. Nxd7+ Rxd7 31. Rd1 Qc6 32. Ree1 Qb6 33. Be3
Qc7 34. Kg2 b5 35. Bd2 Rb8 36. Rc1 a5 37. a3 Qa7 38. Ra1 Qb6 39. Rac1 Rdb7 40.
Red1 Rc8 41. Qe1 Rbc7 42. Qf2 b4 43. axb4 axb4 44. Ba2 bxc3 45. Bxc3 Ra8 46.
Bb1 Bxb1 47. Rxb1 Rca7 48. Qc2 Kg8 49. Qd2 1/2-1/2

[Event "Hamburg Harburg 12th D"]
[Site "Hamburg"]
[Date "2017.08.06"]
[Round "5.3"]
[White "Nyenhuis, Yannek"]
[Black "Geisler, Reinhard"]
[Result "1/2-1/2"]
[WhiteElo "1683"]
[BlackElo "1835"]
[PlyCount "65"]
[EventDate "2017.08.06"]
[EventType "tourn"]
[EventRounds "5"]
[EventCountry "GER"]
[SourceDate "2017.08.14"]
[WhiteTeam "TSV Bienenbüttel"]
[BlackTeam "Schachklub Werther 1949 e.V."]

1. d4 d5 2. Bf4 Nf6 3. e3 c5 4. c3 e6 5. Nd2 Nc6 6. Bd3 Bd6 7. Bxd6 Qxd6 8. f4
cxd4 9. cxd4 O-O 10. a3 a6 11. Ngf3 Bd7 12. Ne5 Na7 13. O-O Bb5 14. Bxb5 Nxb5
15. Qb3 Rfc8 16. Rac1 Rc7 17. a4 Na7 18. Rc3 Rac8 19. Rfc1 h6 20. Rxc7 Rxc7 21.
Rxc7 Qxc7 22. Qc3 Qxc3 23. bxc3 b5 24. a5 Ne4 25. Nxe4 dxe4 26. Nd7 Nc6 27. Nc5
Nxa5 28. Nxa6 Nc4 29. Kf2 Kf8 30. Nc5 Nd6 31. g4 g6 32. h3 Ke7 33. Kg3 1/2-1/2

[Event "Hamburg Harburg 12th E"]
[Site "Hamburg"]
[Date "2017.08.04"]
[Round "1.2"]
[White "Altenburg, Nils"]
[Black "Sharma, Rishi"]
[Result "0-1"]
[WhiteElo "1611"]
[BlackElo "1633"]
[PlyCount "132"]
[EventDate "2017.08.06"]
[EventType "tourn"]
[EventRounds "5"]
[EventCountry "GER"]
[SourceDate "2017.08.14"]
[WhiteTeam "Hamburger SK von 1830 eV"]
[BlackTeam "SF Sasel 1947"]

1. d4 e6 2. Nf3 d5 3. Bf4 Nf6 4. e3 c5 5. c3 Qb6 6. Qc2 Nh5 7. Bg3 Nc6 8. Nbd2
Nxg3 9. hxg3 h6 10. dxc5 Bxc5 11. Nb3 Bd6 12. O-O-O Bd7 13. Bd3 Nb4 14. Qb1
Nxd3+ 15. Qxd3 Bb5 16. Qd4 Qxd4 17. Nbxd4 Bc4 18. b3 Ba3+ 19. Kb1 Ba6 20. Nc2
Be7 21. Ne5 Bf6 22. f4 Bxe5 23. fxe5 Rc8 24. Kb2 Ke7 25. Rd2 f6 26. exf6+ gxf6
27. Rh4 h5 28. e4 dxe4 29. Rxe4 Rcg8 30. Nd4 e5 31. c4 b6 32. Nc6+ Ke6 33. Nd4+
Kf7 34. Nf5 Rg5 35. Rf2 Rd8 36. Re3 Bb7 37. Nh4 Rdg8 38. Nf5 Rd8 39. Nh4 Ke6
40. Kc2 Rdg8 41. Nf3 Rxg3 42. Nd4+ Kf7 43. Rxe5 Rxg2 44. Ref5 Be4+ 45. Kc3
R8g3+ 46. Kb4 a5+ 47. Kb5 Bxf5 48. Rxf5 Rg5 49. Rd5 h4 50. Kxb6 Rxd5 51. cxd5
h3 52. d6 h2 53. d7 Rg8 54. Nc6 h1=Q 55. d8=N+ Rxd8 56. Nxd8+ Ke8 57. Ne6 Qg1+
58. Kxa5 f5 59. b4 f4 60. Nxf4 Qg5+ 61. b5 Qxf4 62. a4 Qb8 63. b6 Kd7 64. Kb5
Qe5+ 65. Ka6 Kc6 66. a5 Qb8 0-1

[Event "Hamburg Harburg 12th E"]
[Site "Hamburg"]
[Date "2017.08.04"]
[Round "1.3"]
[White "Raedisch, Peter"]
[Black "Niemann, Leon"]
[Result "1/2-1/2"]
[WhiteElo "1557"]
[BlackElo "1605"]
[PlyCount "85"]
[EventDate "2017.08.06"]
[EventType "tourn"]
[EventRounds "5"]
[EventCountry "GER"]
[SourceDate "2017.08.14"]
[WhiteTeam "SF Hamburg e.V. 1934"]
[BlackTeam "SK Ricklingen"]

1. e4 c5 2. Nf3 Nc6 3. Bc4 g6 4. c3 Nf6 5. e5 Ng4 6. d4 d5 7. Bb3 c4 8. Bc2 Bg7
9. Bd2 Qb6 10. Qc1 h5 11. b4 a5 12. bxa5 Rxa5 13. O-O Qa7 14. a4 b5 15. Qd1 Bf5
16. Bxf5 gxf5 17. h3 Nh6 18. Bxh6 Rxh6 19. Nbd2 b4 20. cxb4 Nxb4 21. Qb1 Nd3
22. Qa2 Rb6 23. Rfb1 Nb4 24. Qb2 Rxa4 25. Rxa4 Qxa4 26. Ra1 Qc6 27. Ra3 Bh6 28.
Qa1 Ra6 29. Nb1 Bc1 30. Ra5 Qb6 31. Qa4+ Kf8 32. Rxa6 Nxa6 33. Nc3 Nc7 34. Qd7
e6 35. Qd8+ Kg7 36. Qf6+ Kg8 37. Qd8+ Kh7 38. Qf8 Bh6 39. Qxf7+ Bg7 40. Qxh5+
Kg8 41. Ng5 Qc6 42. Qf7+ Kh8 43. Qh5+ 1/2-1/2

[Event "Hamburg Harburg 12th E"]
[Site "Hamburg"]
[Date "2017.08.04"]
[Round "1.1"]
[White "Pubantz, Richard"]
[Black "Lochmann, Viktor"]
[Result "1-0"]
[WhiteElo "1608"]
[BlackElo "1575"]
[PlyCount "89"]
[EventDate "2017.08.06"]
[EventType "tourn"]
[EventRounds "5"]
[EventCountry "GER"]
[SourceDate "2017.08.14"]
[WhiteTeam "SK Ricklingen"]
[BlackTeam "TV Fischbek Suederelbe"]

1. d4 Nf6 2. c4 g6 3. Nc3 Bg7 4. e4 d6 5. Be2 Nbd7 6. Be3 O-O 7. Nf3 Ng4 8. Bg5
c5 9. O-O a6 10. h3 Ngf6 11. Qc2 Rb8 12. Be3 b6 13. Rfd1 Qc7 14. a3 Bb7 15. b4
cxd4 16. Bxd4 Nh5 17. Nd5 Bxd5 18. exd5 Nf4 19. Bf1 f5 20. Rac1 Nf6 21. Be3
N4h5 22. Nd4 Qd7 23. Ne6 Rfc8 24. Qd3 Ne4 25. Nxg7 Nxg7 26. Bd4 Rf8 27. Qe3 Rf7
28. Bxb6 f4 29. Qxe4 Rxb6 30. c5 dxc5 31. bxc5 Rb3 32. d6 exd6 33. Bc4 Rxa3 34.
c6 Qc7 35. Bxf7+ Kxf7 36. Qd5+ Ne6 37. Re1 Qc8 38. Qxe6+ Qxe6 39. Rxe6 d5 40.
c7 Kxe6 41. c8=Q+ Ke5 42. Qc7+ Kf5 43. Re1 g5 44. Qxh7+ Kf6 45. Qe7+ 1-0

[Event "Hamburg Harburg 12th E"]
[Site "Hamburg"]
[Date "2017.08.05"]
[Round "2.3"]
[White "Pubantz, Richard"]
[Black "Altenburg, Nils"]
[Result "1-0"]
[WhiteElo "1608"]
[BlackElo "1611"]
[PlyCount "65"]
[EventDate "2017.08.06"]
[EventType "tourn"]
[EventRounds "5"]
[EventCountry "GER"]
[SourceDate "2017.08.14"]
[WhiteTeam "SK Ricklingen"]
[BlackTeam "Hamburger SK von 1830 eV"]

1. d4 d5 2. c4 e6 3. Nf3 Nf6 4. g3 Be7 5. Bg2 O-O 6. O-O c6 7. Qc2 dxc4 8. Qxc4
Qd5 9. Qd3 Nbd7 10. Nc3 Qd6 11. Bf4 Qb4 12. a3 Qb3 13. Nd2 Qb6 14. e4 Qd8 15.
Rfd1 Re8 16. Rac1 c5 17. Nb3 Qb6 18. Na4 Qa6 19. Naxc5 Nxc5 20. Nxc5 Qb6 21.
Rc2 Nd7 22. Na4 Qa5 23. Nc3 e5 24. b4 Qxa3 25. Bc1 Qxb4 26. Nd5 Qxd4 27. Nc7
Nc5 28. Qxd4 exd4 29. Nxe8 Be6 30. Nc7 Bb3 31. Nxa8 Bxc2 32. Rxd4 Nb3 33. Rd7
1-0

[Event "Hamburg Harburg 12th E"]
[Site "Hamburg"]
[Date "2017.08.05"]
[Round "2.2"]
[White "Sharma, Rishi"]
[Black "Raedisch, Peter"]
[Result "1-0"]
[WhiteElo "1633"]
[BlackElo "1557"]
[PlyCount "83"]
[EventDate "2017.08.06"]
[EventType "tourn"]
[EventRounds "5"]
[EventCountry "GER"]
[SourceDate "2017.08.14"]
[WhiteTeam "SF Sasel 1947"]
[BlackTeam "SF Hamburg e.V. 1934"]

1. Nf3 Nc6 2. d4 d5 3. c4 Nf6 4. Nc3 a6 5. Ne5 Nxe5 6. dxe5 Ng4 7. Qxd5 Be6 8.
Qxb7 Nxe5 9. Bf4 f6 10. e3 Qb8 11. Qxb8+ Rxb8 12. Bxe5 fxe5 13. b3 Bf5 14. e4
Bg6 15. f3 e6 16. g3 Bb4 17. Kd2 Ke7 18. a3 Rhd8+ 19. Kc2 Bxc3 20. Kxc3 Rd6 21.
c5 Rd4 22. Bxa6 Rbd8 23. Ra2 Be8 24. Re1 Bc6 25. Ree2 Rd1 26. Red2 R1xd2 27.
Rxd2 Ra8 28. Bc4 Rxa3 29. Kb2 Ra5 30. b4 Ra8 31. b5 Rb8 32. Kc3 Bxb5 33. Rb2 c6
34. Bxb5 cxb5 35. Kb4 Rh8 36. Rd2 g5 37. c6 h5 38. Kc5 h4 39. c7 Rc8 40. Kc6 h3
41. Kb7 Rf8 42. c8=Q 1-0

[Event "Hamburg Harburg 12th E"]
[Site "Hamburg"]
[Date "2017.08.05"]
[Round "2.1"]
[White "Lochmann, Viktor"]
[Black "Niemann, Leon"]
[Result "1-0"]
[WhiteElo "1575"]
[BlackElo "1605"]
[PlyCount "127"]
[EventDate "2017.08.06"]
[EventType "tourn"]
[EventRounds "5"]
[EventCountry "GER"]
[SourceDate "2017.08.14"]
[WhiteTeam "TV Fischbek Suederelbe"]
[BlackTeam "SK Ricklingen"]

1. e4 c5 2. Nc3 Nc6 3. f4 g6 4. Nf3 Bg7 5. d3 e6 6. Be3 b6 7. Rb1 d5 8. exd5
exd5 9. d4 c4 10. Ne5 Bb7 11. Be2 Nge7 12. O-O O-O 13. Qd2 Re8 14. Rbe1 Nf5 15.
Bf2 f6 16. Nxc6 Bxc6 17. Bg4 Ne7 18. Be6+ Kf8 19. Bh4 f5 20. Qf2 Qd6 21. Qf3
Bxd4+ 22. Kh1 Bg7 23. Bxe7+ Rxe7 24. Bxd5 Bxc3 25. Bxc6 Rxe1 26. Rxe1 Bxe1 27.
Bxa8 Qd2 28. Qa3+ Kg8 29. Qe7 Bh4 30. Qe6+ Kg7 31. g3 Bd8 32. Bd5 Qd1+ 33. Kg2
Qxc2+ 34. Kh3 Kh6 35. Bf3 Qxb2 36. Qxc4 a5 37. Qf7 b5 38. Qf8+ Qg7 39. Qxd8 Qc3
40. Qg5+ Kg7 41. Qe7+ Kh6 42. Qf8+ Qg7 43. Qxg7+ Kxg7 44. Bc6 b4 45. Ba4 Kf6
46. Kg2 g5 47. Kf3 h5 48. fxg5+ Kxg5 49. h4+ Kg6 50. Kf4 Kf6 51. Bc2 Kg6 52.
Bxf5+ Kf6 53. Bc2 Kg7 54. Kg5 Kg8 55. Kxh5 Kg7 56. Kg5 Kh8 57. Kf6 Kg8 58. h5
Kf8 59. g4 Kg8 60. g5 Kh8 61. g6 Kg8 62. Bb3+ Kh8 63. g7+ Kh7 64. g8=Q+ 1-0

[Event "Hamburg Harburg 12th E"]
[Site "Hamburg"]
[Date "2017.08.05"]
[Round "3.1"]
[White "Altenburg, Nils"]
[Black "Lochmann, Viktor"]
[Result "0-1"]
[WhiteElo "1611"]
[BlackElo "1575"]
[PlyCount "92"]
[EventDate "2017.08.06"]
[EventType "tourn"]
[EventRounds "5"]
[EventCountry "GER"]
[SourceDate "2017.08.14"]
[WhiteTeam "Hamburger SK von 1830 eV"]
[BlackTeam "TV Fischbek Suederelbe"]

1. d4 Nf6 2. Nf3 g6 3. Bf4 Bg7 4. e3 b6 5. Nbd2 Bb7 6. Bc4 d5 7. Bd3 Nc6 8. c3
O-O 9. Qc2 Nh5 10. Bg3 Nxg3 11. hxg3 e5 12. dxe5 Nxe5 13. Nxe5 Bxe5 14. Nf3 Bg7
15. O-O-O a5 16. Rh4 Bc8 17. Rdh1 h5 18. Bxg6 fxg6 19. Qxg6 Rf6 20. Qg5 Bg4 21.
Ne5 Rxf2 22. Qxd8+ Rxd8 23. Nxg4 hxg4 24. Rxg4 Re8 25. Rh5 Rxe3 26. Kd1 Ree2
27. Rhg5 Re7 28. Rxd5 Rxb2 29. Rd8+ Kf7 30. Rf4+ Bf6 31. Rd3 Rxa2 32. Rdf3 Rd7+
33. Ke1 Rd6 34. Rc4 c5 35. Rh4 Rxg2 36. Rhf4 Ke7 37. Re4+ Kd7 38. Kf1 Rc2 39.
c4 Rd1+ 40. Re1 Rxe1+ 41. Kxe1 Be5 42. Rb3 Kc6 43. Re3 Bd6 44. g4 Rxc4 45. g5
Rg4 46. Re6 Rxg5 0-1

[Event "Hamburg Harburg 12th E"]
[Site "Hamburg"]
[Date "2017.08.05"]
[Round "3.2"]
[White "Raedisch, Peter"]
[Black "Pubantz, Richard"]
[Result "0-1"]
[WhiteElo "1557"]
[BlackElo "1608"]
[PlyCount "88"]
[EventDate "2017.08.06"]
[EventType "tourn"]
[EventRounds "5"]
[EventCountry "GER"]
[SourceDate "2017.08.14"]
[WhiteTeam "SF Hamburg e.V. 1934"]
[BlackTeam "SK Ricklingen"]

1. e4 c5 2. Nf3 d6 3. c3 Nf6 4. Bb5+ Nc6 5. d3 e6 6. a3 Be7 7. e5 dxe5 8. Nxe5
Qc7 9. d4 O-O 10. Nxc6 bxc6 11. Be2 Rd8 12. Be3 cxd4 13. cxd4 e5 14. Qa4 exd4
15. Bxd4 Qf4 16. Qxc6 Qxd4 17. O-O Bd7 18. Qc2 Ba4 19. Qc1 Rac8 20. Nc3 Ne4 21.
Qe1 Nxc3 22. bxc3 Rxc3 23. Bf3 Bxa3 24. Qe2 Qc5 25. Qa2 Bb5 26. Be2 Rc8 27.
Bxb5 Qxb5 28. h3 Bc5 29. Rab1 Qd3 30. Rb7 Qg6 31. Kh1 Rc2 32. Rb2 Bd4 33. Rxc2
Qxc2 34. Qd5 Qc4 35. Qxc4 Rxc4 36. Rb1 g6 37. f3 a5 38. Kh2 a4 39. Kg3 a3 40.
Rb8+ Kg7 41. Ra8 Be5+ 42. f4 Rc3+ 43. Kg4 f5+ 44. Kh4 Bf6# 0-1

[Event "Hamburg Harburg 12th E"]
[Site "Hamburg"]
[Date "2017.08.05"]
[Round "3.3"]
[White "Niemann, Leon"]
[Black "Sharma, Rishi"]
[Result "1-0"]
[WhiteElo "1605"]
[BlackElo "1633"]
[PlyCount "45"]
[EventDate "2017.08.06"]
[EventType "tourn"]
[EventRounds "5"]
[EventCountry "GER"]
[SourceDate "2017.08.14"]
[WhiteTeam "SK Ricklingen"]
[BlackTeam "SF Sasel 1947"]

1. e4 e6 2. d4 d5 3. exd5 exd5 4. Bd3 Nc6 5. c3 Bd6 6. Nf3 Nge7 7. Bg5 h6 8.
Bh4 g5 9. Bg3 Bxg3 10. fxg3 Nf5 11. O-O Qd6 12. Nxg5 Ncxd4 13. cxd4 hxg5 14.
Bxf5 Bxf5 15. Rxf5 O-O-O 16. Nc3 Qe6 17. Re5 Qh6 18. h3 Rde8 19. Qg4+ Kb8 20.
Rae1 Reg8 21. Qd7 c6 22. Re7 Qf8 23. Qxb7# 1-0

[Event "Hamburg Harburg 12th E"]
[Site "Hamburg"]
[Date "2017.08.06"]
[Round "4.3"]
[White "Altenburg, Nils"]
[Black "Raedisch, Peter"]
[Result "1-0"]
[WhiteElo "1611"]
[BlackElo "1557"]
[PlyCount "135"]
[EventDate "2017.08.06"]
[EventType "tourn"]
[EventRounds "5"]
[EventCountry "GER"]
[SourceDate "2017.08.14"]
[WhiteTeam "Hamburger SK von 1830 eV"]
[BlackTeam "SF Hamburg e.V. 1934"]

1. c4 e5 2. Nc3 c6 3. Nf3 Qc7 4. g3 a6 5. Bg2 Bc5 6. d3 Nf6 7. O-O h6 8. a3 d6
9. b4 Ba7 10. Bb2 Be6 11. Qc2 Qd7 12. c5 Bh3 13. cxd6 Bxg2 14. Kxg2 Qxd6 15.
Ne4 Nxe4 16. Bxe5 Qg6 17. dxe4 O-O 18. Rad1 f6 19. Qc4+ Kh8 20. Bd6 Re8 21. e5
Nd7 22. exf6 Nxf6 23. Ne5 Qe4+ 24. Qxe4 Nxe4 25. f4 Nc3 26. Rd2 Kg8 27. Kf3
Rad8 28. Rd3 Nb5 29. Rfd1 Re6 30. Bc5 Rxd3+ 31. Rxd3 Bxc5 32. bxc5 Re7 33. a4
Nc7 34. Rd8+ Kh7 35. Rd7 Rxd7 36. Nxd7 Kg6 37. e4 Kf7 38. f5 a5 39. Ne5+ Kf6
40. Nc4 Na6 41. g4 Nxc5 42. e5+ Ke7 43. Nxa5 Nxa4 44. Nxb7 c5 45. Nd6 Nb6 46.
Ke4 Kd7 47. h4 Kc6 48. Ne8 c4 49. Kd4 Nd7 50. e6 Nf6 51. Nxf6 gxf6 52. Kxc4 Kd6
53. Kb5 Kc7 54. Kc5 Kd8 55. Kd6 Ke8 56. Kc7 Ke7 57. Kc8 Ke8 58. Kc7 Ke7 59. Kc6
Kd8 60. Kd6 Ke8 61. e7 h5 62. gxh5 Kf7 63. Kd7 Kg7 64. e8=Q Kh7 65. Qg6+ Kh8
66. Qxf6+ Kh7 67. h6 Kg8 68. Qg7# 1-0

[Event "Hamburg Harburg 12th E"]
[Site "Hamburg"]
[Date "2017.08.06"]
[Round "4.1"]
[White "Lochmann, Viktor"]
[Black "Sharma, Rishi"]
[Result "0-1"]
[WhiteElo "1575"]
[BlackElo "1633"]
[PlyCount "64"]
[EventDate "2017.08.06"]
[EventType "tourn"]
[EventRounds "5"]
[EventCountry "GER"]
[SourceDate "2017.08.14"]
[WhiteTeam "TV Fischbek Suederelbe"]
[BlackTeam "SF Sasel 1947"]

1. Nf3 Nf6 2. b3 e6 3. Bb2 b6 4. e3 Bb7 5. Be2 c5 6. O-O Bd6 7. Nc3 a6 8. Rc1
Nc6 9. d3 Bc7 10. Ne4 Qe7 11. Nxf6+ gxf6 12. d4 O-O-O 13. d5 Ne5 14. c4 Rhg8
15. Nh4 f5 16. Nf3 f6 17. Kh1 Qg7 18. g3 Qf7 19. Nxe5 fxe5 20. Bf3 e4 21. d6
exf3 22. dxc7 Kxc7 23. Rg1 d6 24. Qf1 h5 25. h4 e5 26. Rd1 f4 27. Kh2 fxg3+ 28.
fxg3 f2 29. Rg2 Bxg2 30. Kxg2 Rdf8 31. Qe2 Qg6 32. e4 Qxg3+ 0-1

[Event "Hamburg Harburg 12th E"]
[Site "Hamburg"]
[Date "2017.08.06"]
[Round "4.2"]
[White "Pubantz, Richard"]
[Black "Niemann, Leon"]
[Result "1/2-1/2"]
[WhiteElo "1608"]
[BlackElo "1605"]
[PlyCount "105"]
[EventDate "2017.08.06"]
[EventType "tourn"]
[EventRounds "5"]
[EventCountry "GER"]
[SourceDate "2017.08.14"]
[WhiteTeam "SK Ricklingen"]
[BlackTeam "SK Ricklingen"]

1. d4 Nf6 2. c4 g6 3. Nc3 Bg7 4. e4 d6 5. Be2 O-O 6. Be3 Nbd7 7. Nf3 e5 8. d5
Ne8 9. Nd2 f5 10. f3 f4 11. Bf2 g5 12. Qc2 a6 13. Na4 Ndf6 14. c5 h5 15. O-O-O
Bd7 16. Kb1 Kf7 17. Rc1 a5 18. Nc4 Bxa4 19. Qxa4 Nd7 20. cxd6 cxd6 21. Rc3 b6
22. Rhc1 Rb8 23. Na3 Kf6 24. Qc2 Nc5 25. Nb5 Rf7 26. a3 a4 27. Bxc5 bxc5 28.
Qxa4 Ra8 29. Qc4 Rb7 30. Rb3 Rab8 31. Rcc3 Bf8 32. a4 Qa5 33. Bd1 Ra8 34. Na3
Rb4 35. Qe2 Qxa4 36. Rxb4 Qxb4 37. Rb3 Qa5 38. Rb5 Qa6 39. Rb3 Qxe2 40. Bxe2
Ra4 41. Bb5 Rb4 42. Rxb4 cxb4 43. Bxe8 bxa3 44. bxa3 h4 45. a4 Be7 46. Kc2 Bd8
47. Kb3 Ke7 48. Bc6 Bb6 49. Kc4 Kd8 50. Kb5 Kc7 51. a5 Bg1 52. h3 Bc5 53. a6
1/2-1/2